Estudio de prefactibilidad técnica y económica para la producción de salsa de tomate a partir de pasta de tomate

שמור ב:
מידע ביבליוגרפי
מחבר ראשי: Quesada Vargas, Sergio
פורמט: ספר
יצא לאור: San José, C.R., 2006
נושאים:
תגים: הוספת תג
אין תגיות, היה/י הראשונ/ה לתייג את הרשומה!

MARC

LEADER 00000nam a2200000Ia 4500
003 009824
005 20221231144137.0
008 140114s2006 cr a m 000 ||s d
040 |c cru CEDI  
090 |a TFG 5348 
100 |a Quesada Vargas, Sergio  |9 5081 
245 |a Estudio de prefactibilidad técnica y económica para la producción de salsa de tomate a partir de pasta de tomate  
260 |c 2006  |a  San José, C.R., 
300 |a  ix, 56 hojas : ilustraciones a color  
500 |a  Proyecto de graduación (licenciatura en ingeniería química)--Universidad de Costa Rica, Facultad de Ingeniería Química 
650 |x PRODUCTOS DEL TOMATE   |x  INVESTIGACIONES   |x SALSA DE TOMATE   |x  INDUSTRIA Y COMERCIO   |x ECONOMIA INDUSTRIAL  |9 5082 
942 |c TFG 
999 |c 17528  |d 17528